| 000 | 00470nam a22001937a 4500 | ||
|---|---|---|---|
| 003 | OSt | ||
| 005 | 20140403090444.0 | ||
| 008 | 121113t xxu||||| |||| 00| 0 eng d | ||
| 020 | _a0439217288 | ||
| 050 |
_aPZ 7 _b.W721 2001 |
||
| 245 |
_aThe Mystery of the Missing Tiger _cby Laura E. Williams |
||
| 260 |
_aNew york _bScholastic Inc. _c2001 |
||
| 300 |
_a82 p. : _c19.2 cm |
||
| 521 | _aG4 | ||
| 526 | _c620 | ||
| 546 | _aMS0155 | ||
| 562 | _e1 | ||
| 942 |
_2lcc _cBK |
||
| 999 |
_c47422 _d47422 |
||